I Wouldn't Ask You - Clairo - Statistics

General Stats
  • This quiz has been taken 9 times
  • The average score is 307 of 474
Answer Stats
Hint Answer % Correct
a
100%
ask
100%
Ask
100%
(Ask
100%
care
100%
Chorus | Verse 1 I
100%
(I
100%
me
100%
of
100%
take
100%
to
100%
To
100%
who
100%
wouldn't
100%
you
100%
you)
100%
Baby
75%
baby
75%
be
75%
(Be
75%
call
75%
in
75%
know
75%
Oh
75%
that
75%
the
75%
about
50%
and
50%
can
50%
close
50%
cold
50%
could
50%
don't
50%
Don't
50%
(Don't
50%
ever
50%
Everything
50%
fair?
50%
feel
50%
get
50%
Ice
50%
ice
50%
I'm
50%
intimacy
50%
it
50%
key
50%
love
50%
mine
50%
my
50%
neck
50%
one
50%
past
50%
rarely
50%
security
50%
Wish
50%
yeah
50%
all
25%
bed
25%
boy
25%
(But
25%
clean
25%
closer
25%
Come
25%
Outro Feels
25%
for
25%
I'll
25%
intertwined
25%
is
25%
it's
25%
I've
25%
keep
25%
known
25%
Laying
25%
life
25%
like
25%
little
25%
Lock
25%
long
25%
make
25%
mean
25%
need
25%
only
25%
real
25%
show
25%
so
25%
So
25%
strong
25%
time
25%
up
25%
wanna
25%
want
25%
Chorus We
25%
what
25%
why
25%
Without
25%
Wonder
25%
your
25%
You're
25%
alright
0%
apartments
0%
bars
0%
believe)
0%
Bell
0%
bitch
0%
boundaries)
0%
by
0%
Verse 2 Caught
0%
Dream
0%
dreamed)
0%
fold
0%
fuck
0%
grow
0%
hanging
0%
how
0%
limousines)
0%
living
0%
losing
0%
made
0%
nosebleeds
0%
overstep
0%
(Penthouse
0%
plant
0%
queen)
0%
'round
0%
seed)
0%
still
0%
surprise
0%
Verse 1 Switchblade
0%
Verse 2 Tell
0%
there
0%
think
0%
Pt 2 intro (Think
0%
Tinker
0%
together
0%
wake
0%
We'll
0%
we'll
0%
No matching quizzes found
Score Distribution
Percent of People with Each Score
Percentile by Number Answered
Your Score History
You have not taken this quiz